| 000 | 00738nam a2200241Ia 4500 | ||
|---|---|---|---|
| 003 | OSt | ||
| 005 | 20220925182700.0 | ||
| 006 | a|||||r|||| 00| 0 | ||
| 007 | ta | ||
| 008 | 220923b |||||||| |||| 00| 0 eng d | ||
| 037 | _cGeneral Book | ||
| 040 |
_aRTL _cRTL _beng |
||
| 041 |
_2eng _aeng |
||
| 082 | _aX:770gT.1(X).N6, K2 | ||
| 100 |
_aZook Paul D Ed. _9126044 |
||
| 245 | 0 | _aForeign trade and human capital | |
| 260 |
_aDallas _bSouthern Methodist university Press _c1962 |
||
| 300 |
_aviii, 102p. _ccm. |
||
| 500 | _a(A Jno E Owens Memorial Foundation publication) | ||
| 650 |
_aEconomic Development _917300 |
||
| 942 |
_hX:770gT.1(X).N6, K2 _cGB _2CC |
||
| 999 |
_c502862 _d502862 |
||